Capitals of Europe - Statistics

General Stats
  • This quiz has been taken 5 times
  • The average score is 21 of 47
Answer Stats
Country Answer % Correct
Andorra Andorra la Vella
80%
Beiarus Minsk
80%
Albania Tirana
80%
Austria Vienna
80%
Ireland Dublin
60%
UK (United Kingdom) London
60%
Luxembourg Luxembourg
60%
Monaco Monaco
60%
France Paris
60%
Malta Valletta
60%
Netherlands Amsterdam
40%
Turkey Ankara
40%
Greece Athens
40%
Serbia Belgrade
40%
Germany Berlin
40%
Switzerland Bern
40%
Slovakia Bratislava
40%
Romania Bucharest
40%
Hungary Budapest
40%
Moldova Chisinau
40%
Denmark Copenhagen
40%
Finland Helsinki
40%
Ukraine Kyiv
40%
Portugal Lisbon
40%
Slovenia Ljubljana
40%
Spain Madrid
40%
Russia Moscow
40%
Cyprus Nicosia
40%
Norway Oslo
40%
Czechia Prague
40%
Kosovo Pristina
40%
Iceland Reykjavik
40%
Latvia Riga
40%
Italy Rome
40%
San Marino San Marino
40%
Bosnia and Herzegovina Sarajevo
40%
North Macedonia Skopje
40%
Bulgaria Sofia
40%
Sweden Stockholm
40%
Estonia Tallinn
40%
Liechtenstein Vaduz
40%
Vatican City Vatican City
40%
Lithuania Vilnius
40%
Poland Warsaw
40%
Croatia Zagreb
40%
Montenegro Podgorica
20%
Belgium Brussls
0%
No matching quizzes found
Score Distribution
Percent of People with Each Score
Percentile by Number Answered
Your Score History
You have not taken this quiz